Statistics for Minor Civil Divisions (Townships) of Iowa With a Map

Click here to take the quiz!

General Stats

  • This quiz has been taken 121 times
  • The average score is 538 of 1662

Answers on the Map

Answers color-coded by a green-red scale on the quiz's map according to % correct below.
 

Answer Stats

CountyMCD% Correct
Boone | Dallas | Jasper | +5 othersDes Moines
92%
Adair | Adams | Appanoose | +46 othersWashington
90%
Clay | Lyon | Monona | +2 othersSioux
87%
Dallas | Delaware | Keokuk | +2 othersAdams
85%
Benton | Black Hawk | Calhoun | +15 othersCedar
85%
Allamakee | Benton | Cedar | +6 othersIowa
83%
AppanooseJohns
81%
Buchanan | Butler | Clarke | +10 othersMadison
79%
Adair | Benton | Boone | +29 othersJackson
77%
Adair | Allamakee | Bremer | +21 othersJefferson
77%
Benton | Butler | Fremont | +8 othersMonroe
77%
DubuqueDubuque
75%
Plymouth | WebsterJohnson
73%
ScottDavenport
71%
Allamakee | Appanoose | Bremer | +14 othersFranklin
71%
LinnCedar Rapids
69%
Adair | Adams | Appanoose | +39 othersLincoln
69%
Benton | Bremer | Jefferson | +3 othersPolk
69%
JohnsonIowa City
67%
Adair | Benton | Boone | +5 othersHarrison
65%
Fremont | WapelloGreen
63%
Plymouth | WoodburySioux City
63%
Allamakee | Appanoose | Benton | +3 othersTaylor
63%
MontgomeryWest
63%
Decatur | Franklin | HamiltonHamilton
62%
Jefferson | PageBuchanan
60%
Clay | Grundy | Hardin | +8 othersClay
60%
Clinton | Linn | Ringgold | +2 othersClinton
60%
Bremer | Keokuk | Lucas | +3 othersWarren
60%
Allamakee | Black HawkWaterloo
60%
CherokeeCherokee
58%
TamaClark
58%
MontgomeryEast
58%
Dallas | Marion | TaylorDallas
56%
Louisa | Pocahontas | TaylorMarshall
56%
Adair | Adams | Appanoose | +40 othersUnion
56%
Jackson | Keokuk | Lee | Van BurenVan Buren
56%
Dallas | Hancock | WrightBoone
54%
PlymouthHancock
54%
UnionJones
54%
Cerro Gordo | Clay | Humboldt | +5 othersLake
54%
Clayton | Davis | Franklin | +7 othersMarion
54%
CherokeeSpring
54%
Hamilton | Madison | Polk | WebsterWebster
54%
Adair | Buena Vista | Franklin | +2 othersLee
52%
Cedar | Dallas | Linn | WarrenLinn
52%
PlymouthPlymouth
52%
Buena Vista | Fayette | Floyd | +9 othersScott
52%
MadisonSouth
52%
Henry | Jones | Mitchell | MonroeWayne
52%
Calhoun | HamiltonWilliams
52%
Boone | Cass | Cedar | +7 othersCass
50%
Delaware | Polk | SacDelaware
50%
Benton | Bremer | Buchanan | +8 othersFremont
50%
Plymouth | Van BurenHenry
50%
Lee | WapelloKeokuk
50%
Hamilton | LyonLyon
50%
Cerro Gordo | TaylorMason
50%
PagePierce
50%
Cherokee | Lyon | Mitchell | +2 othersRock
50%
Cedar | Kossuth | WinneshiekSpringfield
50%
Benton | Cass | Des Moines | +6 othersBenton
48%
Black Hawk | Grundy | JeffersonBlack Hawk
48%
LinnBrown
48%
Madison | WashingtonCrawford
48%
DecaturDecatur
48%
Adams | Boone | Buena Vista | +30 othersGrant
48%
Greene | Hardin | Johnson | +2 othersHardin
48%
Howard | Story | Tama | WayneHoward
48%
PottawattamieLewis
48%
Clarke | FranklinOsceola
48%
Des Moines | TamaTama
48%
Des MoinesBurlington
46%
Butler | Calhoun | Jackson | ScottButler
46%
Calhoun | HarrisonCalhoun
46%
Carroll | O'Brien | TamaCarroll
46%
Black HawkCedar Falls
46%
Boone | Dubuque | Guthrie | UnionDodge
46%
Decatur | Fayette | LinnFayette
46%
IowaGreene
46%
HumboldtHumboldt
46%
Clarke | PottawattamieKnox
46%
Buchanan | Carroll | Jasper | WinnebagoNewton
46%
FayetteOran
46%
SacSac
46%
Allamakee | Calhoun | Cedar | +16 othersCenter
44%
Black Hawk | Clinton | GuthrieOrange
44%
ClaytonRead
44%
MahaskaWest Des Moines
44%
WoodburyWoodbury
44%
Clayton | TaylorClayton
42%
Davis | LyonCleveland
42%
Floyd | O'Brien | Sioux | WoodburyFloyd
42%
Adams | CarrollJasper
42%
Buchanan | Cherokee | Clarke | +18 othersLiberty
42%
MillsOak
42%
LouisaWapello
42%
AudubonAudubon
40%
Clayton | JasperBuena Vista
40%
ChickasawChickasaw
40%
EmmetEmmet
40%
Buena Vista | Crawford | IdaHayes
40%
Allamakee | Bremer | Keokuk | StoryLafayette
40%
WoodburyMiller
40%
MitchellMitchell
40%
ShelbyShelby
40%
OsceolaWilson
40%
WebsterFort Dodge
38%
Appanoose | Hamilton | Jasper | Palo AltoIndependence
38%
Cerro GordoMason City
38%
JasperPalo Alto
38%
JasperPoweshiek
38%
Iowa | Pottawattamie | TamaYork
38%
Tama | WapelloColumbia
37%
WinneshiekDecorah
37%
Crawford | Decatur | Franklin | +2 othersMorgan
37%
Cerro Gordo | Kossuth | PlymouthPortland
37%
LeeCharleston
35%
Adams | Appanoose | Audubon | +14 othersDouglas
35%
IowaFillmore
35%
Calhoun | Clay | Hancock | +8 othersGarfield
35%
ClaytonMonona
35%
HowardParis
35%
AdamsQuincy
35%
BooneWorth
35%
Pottawattamie | WayneWright
35%
AdamsCarl
33%
Buena Vista | Cedar | Fayette | +4 othersFairfield
33%
PoweshiekGrinnell
33%
PocahontasRoosevelt
33%
TaylorBedford
31%
Cerro Gordo | HamiltonClear Lake
31%
WinnebagoForest
31%
Black HawkFox
31%
Muscatine | WebsterFulton
31%
PottawattamieJames
31%
WinnebagoKing
31%
Calhoun | Clay | Ida | +4 othersLogan
31%
MitchellOsage
31%
Davis | Delaware | Fremont | +3 othersPrairie
31%
ClaySpencer
31%
Buena VistaStorm Lake
31%
Harrison | Polk | WarrenAllen
29%
Boone | Butler | Dallas | +4 othersBeaver
29%
Howard | PoweshiekChester
29%
Buena Vista | Clayton | DelawareElk
29%
HancockEll
29%
Hamilton | Palo AltoFreedom
29%
Adair | Calhoun | Jones | WarrenGreenfield
29%
WarrenIndianola
29%
Palo Alto | StoryNevada
29%
MuscatinePike
29%
Floyd | PottawattamieRockford
29%
HarrisonSt. John
29%
MillsAnderson
27%
Buchanan | Kossuth | Linn | +2 othersBuffalo
27%
Bremer | Butler | Cedar | +4 othersDayton
27%
Benton | Carroll | Clinton | +5 othersEden
27%
FranklinHampton
27%
MarionIndiana
27%
MarionKnoxville
27%
AdamsMercer
27%
MadisonOhio
27%
Buchanan | Davis | Jackson | +2 othersPerry
27%
Adair | Carroll | Chickasaw | +16 othersRichland
27%
Fremont | LyonRiverside
27%
JonesRome
27%
Calhoun | Hardin | Jasper | +6 othersSherman
27%
TamaToledo
27%
Dubuque | Humboldt | Palo Alto | +2 othersVernon
27%
Decatur | MuscatineBloomington
25%
PolkCamp
25%
Dubuque | Hancock | Hardin | +2 othersConcord
25%
Fayette | PocahontasDover
25%
HardinEllis
25%
KossuthGreenwood
25%
Adair | Cass | Davis | +5 othersGrove
25%
HenryMount Pleasant
25%
Johnson | JonesOxford
25%
CedarRochester
25%
BremerWaverly
25%
WoodburyArlington
23%
RinggoldAthens
23%
Ida | WrightBlaine
23%
Greene | WorthBristol
23%
PottawattamieCarson
23%
AppanooseCenterville
23%
ClintonDeWitt
23%
MahaskaEast Des Moines
23%
BentonFlorence
23%
FremontHamburg
23%
Crawford | Dickinson | StoryMilford
23%
Fayette | LinnPutnam
23%
Cedar | MontgomeryRed Oak
23%
KossuthRiverdale
23%
HenrySalem
23%
Carroll | Cherokee | Poweshiek | +2 othersSheridan
23%
Guthrie | Page | PottawattamieValley
23%
HamiltonWebster City
23%
DecaturWoodland
23%
JonesWyoming
23%
KossuthAlgona
21%
JacksonBellevue
21%
FayetteBethel
21%
ChickasawBradford
21%
BentonCanton
21%
CrawfordDenison
21%
Black Hawk | Kossuth | SiouxEagle
21%
Cerro GordoFalls
21%
Cedar | Van BurenFarmington
21%
ChickasawJacksonville
21%
HowardJamestown
21%
DecaturLeon
21%
SiouxLynn
21%
Ida | MononaMaple
21%
PageNebraska
21%
Humboldt | Winnebago | WrightNorway
21%
Franklin | LouisaOakland
21%
DickinsonOkoboji
21%
MahaskaOskaloosa
21%
FayetteSmithfield
21%
CrawfordStockholm
21%
Bremer | Buchanan | Fayette | +3 othersSumner
21%
HenryTrenton
21%
Clarke | Iowa | Monroe | WrightTroy
21%
AppanooseWells
21%
Guthrie | O'Brien | OsceolaBaker
19%
HenryBaltimore
19%
Clinton | WorthBrookfield
19%
SacCook
19%
ChickasawDeerfield
19%
MontgomeryFrankfort
19%
Grundy | KossuthGerman
19%
Mills | WinneshiekGlenwood
19%
IowaHartford
19%
SiouxHolland
19%
TaylorHolt
19%
ChickasawNew Hampton
19%
JohnsonNewport
19%
PottawattamieNorwalk
19%
WashingtonOregon
19%
Taylor | UnionPlatte
19%
RinggoldRice
19%
Clay | Floyd | FremontRiverton
19%
ScottWinfield
19%
FayetteAuburn
17%
MarshallBangor
17%
Cass | WashingtonBrighton
17%
AudubonCameron
17%
HarrisonCincinnati
17%
Emmet | HamiltonEllsworth
17%
Allamakee | Jasper | Jones | +3 othersFairview
17%
BooneGarden
17%
Cerro GordoGrimes
17%
Fayette | Page | ShelbyHarlan
17%
Van BurenHarrisburg
17%
AllamakeeLansing
17%
MillsLyons
17%
PoweshiekMalcom
17%
Des MoinesMiddletown
17%
MitchellNewburg
17%
CassNoble
17%
WinneshiekOrleans
17%
Guthrie | Jefferson | Johnson | MadisonPenn
17%
PlymouthPreston
17%
ScottPrinceton
17%
Appanoose | Audubon | Clinton | JohnsonSharon
17%
MillsSt. Marys
17%
GuthrieThompson
17%
MonroeUrbana
17%
ChickasawUtica
17%
AppanooseVermillion
17%
SiouxWest Branch
17%
Fayette | PlymouthWestfield
17%
FayetteWindsor
17%
CherokeeAmherst
15%
HancockAmsterdam
15%
FayetteBanks
15%
Buena VistaBarnes
15%
WarrenBelmont
15%
KossuthBurt
15%
AppanooseCaldwell
15%
Appanoose | LucasChariton
15%
Boone | Dallas | Grundy | +3 othersColfax
15%
Monona | WebsterCooper
15%
KossuthCresco
15%
UnionCreston
15%
HumboldtDakota City
15%
Lyon | O'BrienDale
15%
Des Moines | WorthDanville
15%
GreeneDawson
15%
Emmet | LeeDenmark
15%
HardinEldora
15%
Lyon | PlymouthElgin
15%
Black HawkEvansdale
15%
FranklinGeneva
15%
Clarke | LeeGreen Bay
15%
ClintonHampshire
15%
Allamakee | CrawfordHanover
15%
Clayton | Greene | Guthrie | +7 othersHighland
15%
Des MoinesHuron
15%
WinnebagoLinden
15%
JacksonMaquoketa
15%
PageMorton
15%
Black Hawk | Cerro GordoMount Vernon
15%
Cerro GordoOwen
15%
ClayPeterson
15%
Appanoose | Cass | Hardin | +8 othersPleasant
15%
Buena Vista | HardinProvidence
15%
Franklin | TaylorRoss
15%
FloydSt. Charles
15%
Benton | MononaSt. Clair
15%
HardinTipton
15%
Clay | ClintonWaterford
15%
Des MoinesWest Burlington
15%
FayetteWest Union
15%
MadisonWinterset
15%
Boone | WebsterYell
15%
DallasAdel
13%
Butler | HowardAlbion
13%
Lyon | OsceolaAllison
13%
Cerro GordoBath
13%
JacksonBrandon
13%
FloydCharles City
13%
EmmetEstherville
13%
LinnFairfax
13%
AudubonHamlin
13%
KossuthHebron
13%
Benton | PottawattamieKane
13%
HarrisonLa Grange
13%
CalhounLake City
13%
DickinsonLakeville
13%
DecaturLamoni
13%
IowaLenox
13%
Clay | PlymouthMeadow
13%
LyonMidland
13%
MuscatineMoscow
13%
HenryNew London
13%
Buena VistaPoland
13%
Calhoun | SiouxReading
13%
Humboldt | WoodburyRutland
13%
FranklinSheffield
13%
CherokeeSilver
13%
DickinsonSpirit Lake
13%
PlymouthStanton
13%
Adair | Clay | Marion | O'BrienSummit
13%
BentonVinton
13%
Hancock | HumboldtAvery
12%
Black HawkBennington
12%
Clinton | Davis | Polk | WinneshiekBloomfield
12%
DelawareBremen
12%
Buena VistaBrooke
12%
TamaCarlton
12%
DubuqueCascade
12%
Jasper | Johnson | KeokukClear Creek
12%
Des MoinesConcordia
12%
WayneCorydon
12%
PolkElkhart
12%
ChickasawFredericksburg
12%
PottawattamieGarner
12%
MuscatineGoshen
12%
MitchellJenkins
12%
LyonLarchwood
12%
Audubon | BentonLeroy
12%
BremerLe Roy
12%
DickinsonLloyd
12%
IowaMarengo
12%
RinggoldMount Ayr
12%
SiouxNassau
12%
WebsterNewark
12%
ClintonOlive
12%
MononaOnawa
12%
Delaware | TamaOneida
12%
MuscatineOrono
12%
KossuthRamsey
12%
RinggoldRiley
12%
ButlerRipley
12%
KossuthSeneca
12%
FremontSidney
12%
CedarSpringdale
12%
Dallas | MononaSpring Valley
12%
DallasVan Meter
12%
CassVictoria
12%
Audubon | Osceola | SacViola
12%
WarrenVirginia
12%
Adair | Appanoose | Dallas | +6 othersWalnut
12%
ClarkeWard
12%
KossuthWesley
12%
Palo AltoWest Bend
12%
DickinsonWestport
12%
Lyon | SacWheeler
12%
DubuqueWhitewater
12%
MuscatineWilton
12%
HardinAlden
10%
PlymouthAmerica
10%
PageAmity
10%
CarrollArcadia
10%
WoodburyBanner
10%
Black HawkBarclay
10%
WorthBarton
10%
BentonBelle Plaine
10%
MononaBelvidere
10%
Black HawkBig Creek
10%
Benton | JohnsonBig Grove
10%
WinneshiekBluffton
10%
BentonBruce
10%
BuchananByron
10%
ClintonCamanche
10%
HenryCanaan
10%
FayetteClermont
10%
LinnCollege
10%
Adams | DelawareColony
10%
Buena VistaCoon
10%
HumboldtCorinth
10%
PottawattamieCrescent
10%
Hancock | TamaCrystal
10%
ChickasawDresden
10%
WrightEagle Grove
10%
Black HawkEast Waterloo
10%
BentonEldorado
10%
Plymouth | WebsterElkhorn
10%
Calhoun | LouisaElm Grove
10%
Palo AltoEmmetsburg
10%
BuchananFairbank
10%
KossuthFenton
10%
HowardForest City
10%
PlymouthFredonia
10%
TaylorGay
10%
Cherokee | ClaytonGrand Meadow
10%
WoodburyGrange
10%
Audubon | ShelbyGreeley
10%
JonesHale
10%
WorthHartland
10%
IowaHilton
10%
Mills | StoryIndian Creek
10%
MononaJordan
10%
DubuqueJulien
10%
GreeneJunction
10%
WoodburyLakeport
10%
Black HawkLester
10%
LyonLiberal
10%
Cerro Gordo | WashingtonLime Creek
10%
Kossuth | RinggoldLotts Creek
10%
KossuthLu Verne
10%
LinnMaine
10%
CherokeeMarcus
10%
MarshallMarietta
10%
Des MoinesMediapolis
10%
GrundyMelrose
10%
BuchananMiddlefield
10%
MuscatineMontpelier
10%
LeeMontrose
10%
FloydNiles
10%
Adams | Page | TaylorNodaway
10%
WoodburyOto
10%
WarrenOtter
10%
AllamakeePost
10%
Black HawkPoyner
10%
AdairPrussia
10%
WebsterRoland
10%
HowardSaratoga
10%
PolkSaylor
10%
ButlerShell Rock
10%
Buena VistaSioux Rapids
10%
Black Hawk | Mahaska | TamaSpring Creek
10%
GuthrieStuart
10%
CherokeeTilden
10%
ShelbyWestphalia
10%
Butler | LeeWest Point
10%
CrawfordWest Side
10%
CarrollWheatland
10%
KossuthWhittemore
10%
Cherokee | Crawford | Greene | +2 othersWillow
10%
Cherokee | HowardAfton
8%
Cass | GuthrieBear Grove
8%
WrightBelmond
8%
HancockBingham
8%
HamiltonBlairsburg
8%
Crawford | HarrisonBoyer
8%
HancockBritt
8%
HardinBuckeye
8%
TamaBuckingham
8%
Mitchell | WinneshiekBurr Oak
8%
O'BrienCaledonia
8%
LyonCentennial
8%
DickinsonCenter Grove
8%
CrawfordCharter Oak
8%
ButlerColdwater
8%
StoryCollins
8%
LouisaColumbus City
8%
ClintonDeep Creek
8%
PoweshiekDeep River
8%
Mills | Webster | WorthDeer Creek
8%
DelawareDelhi
8%
CherokeeDiamond
8%
DickinsonDiamond Lake
8%
DavisDrakesville
8%
CrawfordEast Boyer
8%
OsceolaEast Holman
8%
KeokukEast Lancaster
8%
SiouxEast Orange
8%
PageEast River
8%
CassEdna
8%
JasperElk Creek
8%
ClintonElk River
8%
Hancock | Palo AltoEllington
8%
Iowa | LucasEnglish
8%
Keokuk | WashingtonEnglish River
8%
Adair | SacEureka
8%
DickinsonExcelsior
8%
ClaytonFarmersburg
8%
WorthFertile
8%
FremontFisher
8%
ClayFreeman
8%
MuscatineFruitland
8%
DecaturGarden Grove
8%
ClaytonGarnavillo
8%
Cerro Gordo | TamaGeneseo
8%
OsceolaGilman
8%
CarrollGlidden
8%
Adair | Decatur | Madison | WayneGrand River
8%
Jasper | ScottHickory Grove
8%
DecaturHigh Point
8%
Benton | BuchananHomer
8%
Delaware | IowaHoney Creek
8%
EmmetIowa Lake
8%
KossuthIrvington
8%
MarionLake Prairie
8%
ScottLe Claire
8%
KossuthLedyard
8%
Davis | Van BurenLick Creek
8%
Harrison | WoodburyLittle Sioux
8%
Fremont | JeffersonLocust Grove
8%
AllamakeeLudlow
8%
HarrisonMagnolia
8%
CarrollManning
8%
JacksonMonmouth
8%
WoodburyMoville
8%
Buena VistaNewell
8%
DelawareNorth Fork
8%
HowardOak Dale
8%
OsceolaOcheyedan
8%
HancockOrthel
8%
WebsterOtho
8%
Crawford | Jackson | Linn | +2 othersOtter Creek
8%
StoryPalestine
8%
WarrenPalmyra
8%
DubuquePeru
8%
Cherokee | IowaPilot
8%
MontgomeryPilot Grove
8%
BoonePilot Mound
8%
SiouxPlato
8%
Des Moines | Floyd | Mahaska | MarionPleasant Grove
8%
LeePleasant Ridge
8%
Carroll | Cerro Gordo | Fayette | +4 othersPleasant Valley
8%
KossuthPlum Creek
8%
AdamsPrescott
8%
Davis | TamaSalt Creek
8%
Muscatine | WashingtonSeventy-Six
8%
BentonShellsburg
8%
GrundyShiloh
8%
KeokukSigourney
8%
Ida | Mills | PottawattamieSilver Creek
8%
Dickinson | Palo Alto | WorthSilver Lake
8%
WoodburySloan
8%
Crawford | MononaSoldier
8%
Delaware | Jackson | WayneSouth Fork
8%
MitchellSt. Ansgar
8%
DallasSugar Grove
8%
BremerSumner No. 2
8%
DickinsonSuperior
8%
Emmet | PocahontasSwan Lake
8%
KossuthSwea
8%
RinggoldTingley
8%
EmmetTwelve Mile Lake
8%
HancockTwin Lake
8%
CalhounTwin Lakes
8%
AllamakeeUnion City
8%
AllamakeeUnion Prairie
8%
GuthrieVictory
8%
MarshallVienna
8%
Van BurenVillage
8%
PottawattamieWaveland
8%
HumboldtWeaver
8%
SiouxWelcome
8%
BuchananWestburg
8%
Franklin | Monona | WoodburyWest Fork
8%
DavisWest Grove
8%
OsceolaWest Holman
8%
KeokukWest Lancaster
8%
MitchellWest Lincoln
8%
WarrenWhite Breast
8%
LucasWhitebreast
8%
Mahaska | WarrenWhite Oak
8%
WapelloAgency
6%
ScottAllens Grove
6%
BooneAmaqua
6%
EmmetArmstrong Grove
6%
MononaAshton
6%
WebsterBadger
6%
IdaBattle
6%
PoweshiekBear Creek
6%
PottawattamieBelknap
6%
AppanooseBellair
6%
ButlerBennezette
6%
LinnBertram
6%
MahaskaBlack Oak
6%
ScottBlue Grass
6%
MonroeBluff Creek
6%
ClaytonBoardman
6%
Van BurenBonaparte
6%
PottawattamieBoomer
6%
LinnBoulder
6%
SiouxBuncombe
6%
WebsterBurnside
6%
DecaturBurrell
6%
WinneshiekCalmar
6%
WinneshiekCanoe
6%
SiouxCapel
6%
Van BurenChequest
6%
ScottCleona
6%
DelawareCoffins Grove
6%
WapelloCompetine
6%
BuchananCono
6%
IdaCorwin
6%
ClaytonCox Creek
6%
PolkCrocker
6%
WapelloDahlonega
6%
HumboldtDelana
6%
LyonDoon
6%
Cerro GordoDougherty
6%
ClarkeDoyle
6%
WashingtonDutch Creek
6%
MitchellEast Lincoln
6%
JohnsonEast Lucas
6%
LouisaEliot
6%
HancockErin
6%
HardinEtna
6%
CarrollEwoldt
6%
AudubonExira
6%
DavisFabius
6%
JacksonFarmers Creek
6%
Des MoinesFlint River
6%
PolkFour Mile
6%
DavisFox River
6%
WinneshiekFrankville
6%
BremerFrederika
6%
AllamakeeFrench Creek
6%
IdaGalva
6%
ClaytonGiard
6%
ClayGillett Grove
6%
OsceolaGoewey
6%
CrawfordGoodrich
6%
CedarGower
6%
WebsterGowrie
6%
LouisaGrandview
6%
IdaGriggs
6%
MonroeGuilford
6%
O'BrienHartley
6%
PottawattamieHazel Dell
6%
DelawareHazel Green
6%
BuchananHazleton
6%
ClayHerdland
6%
WinneshiekHesper
6%
EmmetHigh Lake
6%
OsceolaHorton
6%
HowardHoward Center
6%
PlymouthHungerford
6%
FayetteIllyria
6%
MillsIngraham
6%
CedarInland
6%
EmmetJack Creek
6%
WoodburyKedron
6%
PottawattamieKeg Creek
6%
JasperKellogg
6%
MononaKennebec
6%
WorthKensett
6%
CarrollKniest
6%
CalhounLake Creek
6%
PottawattamieLayton
6%
MarshallLe Grand
6%
AllamakeeLinton
6%
MarshallLiscomb
6%
WoodburyListon
6%
JeffersonLockridge
6%
ClaytonLodomillo
6%
ClayLone Tree
6%
DecaturLong Creek
6%
JasperLynn Grove
6%
PottawattamieMacedonia
6%
HancockMagor
6%
AllamakeeMakee
6%
JasperMalaka
6%
ClaytonMallory
6%
MillsMalvern
6%
MonroeMantua
6%
CarrollMaple River
6%
Buena VistaMaple Valley
6%
BooneMarcy
6%
JasperMariposa
6%
CassMassena
6%
CedarMassillon
6%
BremerMaxfield
6%
AudubonMelville
6%
ClaytonMendon
6%
RinggoldMiddle Fork
6%
WinneshiekMilitary
6%
ClaytonMillville
6%
DelawareMilo
6%
PottawattamieMinden
6%
LouisaMorning Sun
6%
DubuqueMosalem
6%
JasperMound Prairie
6%
WinnebagoMount Valley
6%
PottawattamieNeola
6%
DecaturNew Buda
6%
UnionNew Hope
6%
HowardNew Oregon
6%
DubuqueNew Wine
6%
CrawfordNishnabotny
6%
Buena VistaNokomis
6%
AudubonOakfield
6%
AdairOrient
6%
MitchellOtranto
6%
AllamakeePaint Creek
6%
CrawfordParadise
6%
BoonePeoples
6%
CedarPioneer
6%
CherokeePitcher
6%
ButlerPittsford
6%
KeokukPlank
6%
MillsPlattville
6%
RinggoldPoe
6%
LouisaPort Louisa
6%
DubuquePrairie Creek
6%
JacksonPrairie Springs
6%
CassPymosa
6%
HarrisonRaglan
6%
MillsRawles
6%
MarionRed Rock
6%
FranklinReeve
6%
PlymouthRemsen
6%
WayneRichman
6%
JasperRock Creek
6%
PocahontasRolfe
6%
DavisRoscoe
6%
HamiltonRose Grove
6%
CarrollRoselle
6%
JeffersonRound Prairie
6%
FloydRudd
6%
UnionSand Creek
6%
PolkSaylorville Reservoir
6%
GreeneScranton
6%
GuthrieSeely
6%
SiouxSettlers
6%
DavisSoap Creek
6%
UnionSpaulding
6%
ClaytonSperry
6%
ClintonSpring Rock
6%
WarrenSquaw
6%
MitchellStacyville
6%
ChickasawStapleton
6%
MarshallState Center
6%
KeokukSteady Run
6%
Cedar | PoweshiekSugar Creek
6%
AdairSummerset
6%
MuscatineSweetland
6%
DubuqueTable Mound
6%
FremontTabor
6%
PageTarkio
6%
JacksonTete Des Morts
6%
HenryTippecanoe
6%
AppanooseUdell
6%
HowardVernon Springs
6%
ClaytonVolga
6%
HumboldtWacousta
6%
ClaytonWagner
6%
Sac | WrightWall Lake
6%
MuscatineWapsinonoc
6%
RinggoldWaubonsie
6%
ClintonWelton
6%
JohnsonWest Lucas
6%
MillsWhite Cloud
6%
WoodburyWolf Creek
6%
WrightWoolstock
6%
DavisWyacondah
6%
Des MoinesYellow Springs
6%
PocahontasBellville
4%
Palo AltoBooth
4%
SacBoyer Valley
4%
JonesCastle Grove
4%
SacCoon Valley
4%
PocahontasCummins
4%
GrundyFelix
4%
Palo AltoFern Valley
4%
JohnsonGraham
4%
Palo AltoGreat Oak
4%
GreeneGreenbrier
4%
MarshallGreencastle
4%
TamaIndian Village
4%
FranklinIngham
4%
GreeneKendrick
4%
SacLevey
4%
PocahontasLizard
4%
WebsterLost Grove
4%
Palo AltoLost Island
4%
JonesLovell
4%
MarshallMinerva
4%
FranklinMott
4%
StoryNew Albany
4%
O'BrienOmega
4%
GrundyPalermo
4%
GreenePaton
4%
PocahontasPowhatan
4%
FloydRock Grove
4%
Palo AltoRush Lake
4%
JonesScotch Grove
4%
LinnSpring Grove
4%
MarshallTimber Creek
4%
FloydUlster
4%
O'BrienWaterman
4%
FranklinWisner
4%

Score Distribution

Percentile by Number Answered

Percent of People with Each Score

Your Score History

You have not taken this quiz